00565cam a22001692 4500001001100000005001700011008004100028020002800069040001500097050001900112110006100131245007100192260004800263300001600311650003000327650003800357000000510320151217145823.0070606s xx 000 0 eng d a8120327182 :cKES 1,260 aKABUcKABU 0aQA76.9b.D3I582 aInternational Business Machines Corporation.@000008522210aDB2 universal database administration for Linux, UNIX and Windows. aNew Delhi :bPrentice-Hall of India,c2005. axvi, 568 p. 0aIBM database.@0000156196 0aRelational databases.@0000154543